000 01019cad a22002175a 4500
001 L145437
008 081009s2008 xxkdo f s 000 0 eng d
035 _a(Sirsi) u145437
041 0 _aeng
050 0 4 _a380.1 $2 18
110 2 _aEssential Information Group
_94336
245 0 0 _aRAPID (residential auction property investment data)
_bissue 4: September 2008
_h[electronic resource]
260 _aReigate
_bEIG
_c2008
520 _aStatistical report concentrates on the impact of the changing economic circumstances in the UK on the auction market and the composition of residential auction sales catalogues. Also relates to the wider context of the UK housing market and analyses 12 separate geographical regions, studying yield and price movements.
590 _aKA NTK
651 4 _aUnited Kingdom
_y
690 _aAuctioneering
_96218
710 1 _aAllsop
_93151
856 4 0 _uhttps://www.eigroup.co.uk/market-data/rapid/issue4.pdf
_zView the item free of charge online at www.eigroup.co.uk...
942 _n0
999 _c108793
_d108793